Divinizing life (Record no. 6154)

MARC details
000 -LEADER
fixed length control field 00859 a2200205 4500
005 - DATE AND TIME OF LATEST TRANSACTION
control field 20080826112158.0
008 - FIXED-LENGTH DATA ELEMENTS--GENERAL INFORMATION
fixed length control field 080826t xxu||||| |||| 00| 0 eng d
010 ## - LIBRARY OF CONGRESS CONTROL NUMBER
LC control number ENG-87158
020 ## - INTERNATIONAL STANDARD BOOK NUMBER
International Standard Book Number 8179940284
Terms of availability 275.00
035 ## - SYSTEM CONTROL NUMBER
System control number EN-70691
037 ## - SOURCE OF ACQUISITION
Source of stock number/acquisition DBAD / PUB
082 ## - DEWEY DECIMAL CLASSIFICATION NUMBER
Classification number 220.21
100 ## - MAIN ENTRY--PERSONAL NAME
Personal name Kashyap, R.L.
245 ## - TITLE STATEMENT
Title Divinizing life
Statement of responsibility, etc by R.L. Kashyap
Remainder of title the path of Atri Rishi: fifth mandala of Rig Veda - all 727 mantras
260 ## - PUBLICATION, DISTRIBUTION, ETC. (IMPRINT)
Place of publication, distribution, etc Bangalore
Name of publisher, distributor, etc Sri Aurobindo Kapali Sastry Inst. of Vedic Litrerature
Date of publication, distribution, etc 2004
270 ## - ADDRESS
Address 63, 13th Main, 4th Block East, Jayanagar
City Bangalore
Postal code 560 011
300 ## - PHYSICAL DESCRIPTION
Extent xxi, 350p.
Dimensions 24cm (Hb )
942 ## - ADDED ENTRY ELEMENTS (KOHA)
Institution code [OBSOLETE] dpl
Koha item type English Books
Call number prefix 220.21 / KAS
Source of classification or shelving scheme Dewey Decimal Classification
Classification part 220.21
Call number suffix KAS
Holdings
Withdrawn status Lost status Damaged status Not for loan Home library Current library Date acquired Cost, normal purchase price Total Checkouts Full call number Barcode Date last seen Copy number Uniform Resource Identifier Cost, replacement price Price effective from Koha item type
        D.B.Act.Division D.B.Act.Division 26/08/2008 275.00   220.21 KAS EN-70691 15/09/2008 1 6596 275.00 15/09/2008 English Books

© Delhi Public Library
Hit Counter
free hit counter